000
00324nam a2200133Ia 4500
005
20250430053030.0
008
240331s9999 xx 000 0 und d
082
_b
VIT
_a
891
245
0
_a
Witharkaya
260
_a
Sri Lanaka
_b
Pratheepa Publishers
_c
1985
300
_a
84 p .,
700
_a
Sanskruthika ha .
_e
edt
942
_c
L
999
_c
4931
_d
4931